| 000 | 00807nam a22002177a 4500 | ||
|---|---|---|---|
| 001 | 64217 | ||
| 003 | BD-RjUL | ||
| 005 | 20211209081301.0 | ||
| 008 | 170212s1999 bd ||||| |||| 00| 0 ben d | ||
| 035 | _a(BD-RjUL)64347 | ||
| 040 |
_aBD-RjUL _bben _cBD-RjUL |
||
| 041 | _aben | ||
| 082 |
_223 _a891.442 _bBAT 1999 |
||
| 100 | 1 |
_aবসু, বিষ্ণু _9178017 |
|
| 245 | 1 | 0 |
_aথিয়েটার ভাবনা / _cবিষ্ণু বসু |
| 260 |
_aকলকাতা : _bগণমন প্রকাশন, _c১৯৯৯. |
||
| 300 |
_a২২৮ পৃ. ; _c২১ সেমি. |
||
| 650 |
_aথিয়েটারের _x ইতিহাস _9188831 _zভারত - পশ্চিম বঙ্গ |
||
| 650 |
_aTheater _xHistory. _zIndia -- West Bengal _9191523 |
||
| 942 |
_2ddc _cBK |
||
| 999 |
_c64217 _d64217 |
||